000 00652nam a2200277Ia 4500
005 20260401125655.0
008 008 300114s9999 xx 000 0 eng d
020 _a9788122476972
037 _aEBOOK
040 _aCRL
040 _beng
040 _cCRL
041 _2eng
041 _aeng
084 _qCRL
100 _aChattopadhyay, D.
_91233788
245 0 _aElectron Devices and Circuits (Anna University)
250 _a1
260 _bNew Age
260 _c2007
650 _aElectronics
856 _uhttps://digital.elib4u.com/product-details/687155
942 _cEBOOK
999 _c1847596
_d1847596